00499nam a2200157Ia 45000010006000000050017000060080041000230410008000640820018000721000034000902450164001242600009002883000028002976500008003256540008003332131520260306172910.0260306t2021||||xx |||||||||||||| ||spa|| aESP a344.526bC14D aCáceres Julca, RobertoeAUT 0aEl delito de conducción en estado de ebriedad y drogadicción, y el delito de resistencia y desobediencia a la autoridad:baspectos sustantivos y procesales c2021 a733 páginas :c25 cm. aGEN aCDE